Counties of Ireland in Irish - Statistics

General Stats
  • This quiz has been taken 11 times
  • The average score is 5 of 32
Answer Stats
Answer % Correct
An Dún
57%
Baile Átha Cliath
57%
An Clár
43%
An Cabhán
29%
An Longfort
29%
Aontroim
29%
Cill Dara
29%
Corcaigh
29%
An Mhí
14%
Ard Mhacha
14%
Ceatharlach
14%
Ciarraí
14%
Cill Chainnigh
14%
Cill Mhantáin
14%
Dún na nGall
14%
Fear Manach
14%
Gaillimh
14%
Laois
14%
Liatroim
14%
Loch Garman
14%
14%
Luimneach
14%
Maigh Eo
14%
Tiobraid Árann
14%
Tír Eoghain
14%
An Iarmhí
0%
Doire
0%
Muineachán
0%
Port Láirge
0%
Ros Comáin
0%
Sligeach
0%
Uíbh Fhailí
0%
No matching quizzes found
Score Distribution
Percent of People with Each Score
Percentile by Number Answered
Your Score History
You have not taken this quiz